Statistics for End Game lyrics

Click here to take the quiz!

General Stats

  • This quiz has been taken 277 times
  • The average score is 373 of 497

Answer Stats

Lyrics% Correct
end
100%
be
99%
be)
99%
I
99%
(I
99%
you
99%
(you
99%
You
99%
you,
99%
your
99%
Your
99%
when
98%
wanna
97%
endgame
95%
endgame,
95%
first
95%
A
94%
a
94%
and
90%
And
90%
Big
90%
big
90%
go
90%
me,
90%
me)
90%
me
90%
team
90%
we
90%
We
90%
reputation,
89%
reputation
89%
Reputation
89%
So
89%
so
89%
ah
88%
got
88%
The
88%
the
88%
to
88%
about
86%
do
86%
like,
86%
like
86%
on
86%
'em
85%
heard
85%
don't
84%
bad
82%
bad,
82%
love
82%
some
81%
conversation,
79%
it
79%
it,
79%
one
79%
my
78%
too
78%
string
77%
ones
76%
all
75%
enemies
75%
just
75%
Just
75%
girl,
74%
I'm
74%
over
74%
they
74%
but
72%
where
72%
in
71%
Ooh,
71%
ooh
71%
You're
71%
is
70%
of
70%
what
69%
For
68%
for
68%
know
66%
reputations,
66%
that
66%
girls
65%
with
65%
With
65%
another
64%
ex
64%
say,
64%
say
64%
see)
64%
was
64%
ah
63%
touch
63%
would
63%
other
62%
play
62%
young,
62%
dope,
60%
drinkin'
60%
loves
60%
truth
60%
beach
59%
It's
58%
it's
58%
precede
58%
drama,
57%
her
57%
hurt
57%
miss
57%
overdose
57%
were
57%
ain't
56%
call
56%
need
55%
tryna
55%
older
53%
can't
52%
swear
52%
both
51%
Both
51%
'cause
51%
let
50%
life
50%
are
49%
bang
49%
bit
49%
hit
49%
type
49%
we'd
49%
little
48%
four
47%
red
47%
shoulders
47%
crazy
46%
lips
46%
most
46%
rumors
46%
from
45%
I've
45%
precedes
45%
put
45%
side
45%
soul
45%
that's
45%
forget
44%
body
43%
couldn't
43%
hand
43%
issues
43%
told
43%
eyes
42%
good
42%
July
42%
keep
42%
stoked,
42%
tried
42%
up
42%
away,
41%
chips
41%
boy
40%
endgame,
40%
fourth
40%
tricks
40%
usual
40%
protect
39%
believe
38%
bury
38%
easier
38%
here's
38%
maps
38%
print's
38%
understand
38%
You've
38%
gold
37%
hard
37%
insecurities
37%
song
37%
sprung,
37%
way
37%
beautiful
36%
deep
36%
knee
36%
paranoia,
36%
persona,
36%
something
36%
toast
36%
whenever
36%
whippin'
36%
down
35%
hatchets,
35%
ignore
35%
bluff
34%
born
34%
mistakes
34%
storm,
34%
I'll
33%
long
33%
made
33%
After
32%
boat
32%
calling
32%
deny
32%
Knew
32%
been
31%
argue,
30%
Even
30%
choices,
29%
flaws,
29%
G5
29%
ease
28%
hold
28%
reconnected
28%
tip
28%
Come
27%
liquor,
27%
never
27%
tongue,
27%
traits
27%
words
27%
wana
25%
Ghost
24%
This
17%
days
14%
fun
13%
passed
10%
without
8%

Score Distribution

Percentile by Number Answered

Percent of People with Each Score

Your Score History

You have not taken this quiz